000 00386nam a2200169Ia 4500
003 0STCL
008 150530s9999 xx 000 0 und d
040 _aSTCL
_cSTCL
100 _aShyamanath Prasad
245 _aReethikalothar Kar Aur Kavya
260 _bAnupam Prakashan
_c1979
300 _a0
546 _aHindi
942 _2ddc
_cBK
999 _c64989
_d64989
005 20220125171256.0